Government Debt and Economic Freedom in the CEE countries. Less is More

Preskúmanie vplyvu vládneho dlhu na ekonomickú slobodu v desiatich krajinách Strednej a Východnej Európy v rokoch 1995 až 2020 pomocou panelového modelu. Pre uvažované krajiny hrubý dlh ovplyvňuje ekonomickú slobodu, a nie naopak.

Na minha lista:
Detalhes bibliográficos
Autor principal: Mura, Petru-Ovidiu
Outros Autores: Donath, Liliana Eva
Formato: Capítulo de Livro
Idioma:inglês
Assuntos:
Tags: Adicionar Tag
Sem tags, seja o primeiro a adicionar uma tag!

MARC

LEADER 00000naa a2200000 4500
001 0296402
005 20230927110902.1
041 0 |a eng 
044 |a CZ 
245 1 0 |a Government Debt and Economic Freedom in the CEE countries. Less is More  |c Petru-Ovidiu Mura, Liliana Eva Donath 
520 |a Preskúmanie vplyvu vládneho dlhu na ekonomickú slobodu v desiatich krajinách Strednej a Východnej Európy v rokoch 1995 až 2020 pomocou panelového modelu. Pre uvažované krajiny hrubý dlh ovplyvňuje ekonomickú slobodu, a nie naopak. 
610 2 0 |a dlhy 
610 2 0 |a dlhy štátne 
610 2 0 |a sloboda 
610 2 0 |a sloboda ekonomická 
610 2 0 |a stredná Európa 
610 2 0 |a východná Európa 
610 2 0 |a výdavky 
610 2 0 |a výdavky štátne 
610 2 0 |a výdavky verejné 
100 1 |a Mura, Petru-Ovidiu 
700 1 |a Donath, Liliana Eva